00667 2200241 4500001002100000005001700021008004100038020001800079035002400097082000800121090001500129100001800144245009700162260004200259300002500301650001800326700001200344700001300356700002000369850001500389985000600404999001500410YOGYA-0209000002803820090227024209.0 ind  a979-511-181-7 0010-020900000028038 a927 a927bHar S aHARJO, Seno M aSepuluh tokoh Showbiz musik IndonesiacSeno M. Hardjo, Hilman,Denny MR;editor Y. Priyo Utomo aJakartabGramedia Pustaka Utamac1991 a162 hlmbilusc24 cm aMusik - Tokoh aHilaman aDenny MR aUtomo, Y. Priyo aYOPDYOG(B) a1 a93P0035380